1371 1552 1787 1350 1805 1130 1931 1059 1265 1628 1472 1681 1039 1774 1026 1688 1189 1454 1914 1371 1518 1554 1548 1683 1856 1564 1294 1773 1778 1519 1254 1203 1447 1418 1462 1078 1290 1429 1245 1652 1422 1429 1461 1050 1748 1043 1777 1445 1905 1584 1653 1346 1294 1782 1887 1641 1650 1025 1271 1350 1646 1020 1641 1646 1328 1911 1891 1924 1031 1724 1138 1226 1434 1899 1328 1724 1642 1395 1209 1827 1270 1518 1995 1345 1145 1944 1433 1071 1422 1571 1218 1723 1038 1141 1158 1785 1706 1589 1744 BCNSPRNW ULIB Ver.6.0+V

เปลี่ยนเป็นภาษาไทย

Change to English
 แสดงรายละเอียดบรรณานุกรม
  กลับหน้าหลัก

Brief Record : Get Marc (ISO 2709) : E-mail record : QR code < ปิดหน้าต่าง
LEADER : 00000nam 2200000uu 4500
001    13399126573
003     ULIB
008    020711s2560 th a 000 0 tha d
020    ^a9786164280158
060    ^aWB903^bอ274ก
100    ^aอมร เปรมกมล
245    ^aการแพทย์ทางเลือกบนพื้นฐานวิทยาศาสตร์=Alternative Medicine : The Scientific Basis
250    ^aพิมพ์ครั้งที่ 1
260    ^aขอนแก่น :^bโรงพิมพ์พิมพ์เพ็ญพริ้นติ้งขอนแก่น,^c2560
300    ^a181 หน้า;^b30 ซม.
650    ^aการแพทย์ทางเลือก
650    ^aการรักษาด้วยธรรมชาติ
945    ^p250^l0^i004774
999    ^aประนอม เกษจรัล
รายการนี้ยังไม่มีแท็ก
คุณยังไม่ได้ล็อกอิน คุณสามารถมีกิจกรรมร่วมกับเว็บไซต์ได้ แต่ต้องล็อกอินก่อน ::
  ล็อกอิน

รายการสื่อสารสนเทศ

ลำดับที่ ประเภท เลขเรียก/บาร์โค้ด สถานที่ สถานะ
1. วิทยาศาสตร์การแพทย์ และสุขภาพ
วิทยาศาสตร์การแพทย์ และสุขภาพ
WB903 อ274ก ฉ.1 
  Barcode: 004774
ห้องสมุดวิทยาเขตสวรรค์ประชารักษ์
►หนังสือทั่วไป
บนชั้น

รายการใกล้เคียง
    ชื่อเรื่อง [การแพทย์ทางเลือกบนพื้นฐานวิทยาศาสตร์=Alternative Medicine : The Scientific Basis]

    ผู้แต่ง [อมร เปรมกมล]

    หัวเรื่อง [การแพทย์ทางเลือก]
    หัวเรื่อง [การรักษาด้วยธรรมชาติ]

BibComment


ยังไม่เคยถูกคอมเมนท์

คอมเมนท์ทรัพยากรรายการนี้
  คอมเมนท์: การแพทย์ทางเลือก..


 Copyright 2026. Bcnsprnw @Library